000 01527pab a2200193 454500
008 180718b2015 xxu||||| |||| 00| 0 eng d
100 _aLiu, Bangcheng
245 _aWork-related stressors and health-related outcomes in public service: examining the role of public service motivation
260 _c2015
300 _ap.653-673.
362 _aNov
520 _aWhile business and psychology researchers have strived to identify effective strategies to reduce occupational stress, public administration scholars have paid insufficient attention to this issue. This article examines the role of motivational bases in the stressor wellbeing relationship, a nascent research area in business and psychology, focusing on a particular type of motivation that is salient in public organizations: public service motivation (PSM). Based on a survey of 412 police officers from a large metropolitan city in eastern China, this study finds that PSM moderates the relationship between work stressors and individual wellbeing. Respondents with higher levels of PSM can better handle the increase of stressors so that their physical and mental wellbeing will decrease more slowly. Overall, respondents with higher levels of PSM tend to experience higher mental wellbeing but lower physical wellbeing than their low-PSM colleagues. - Reproduced.
650 _aOccupational diseases
650 _aMotivation
700 _aYu, Wei
700 _aYang, Kaifeng
773 _aAmerican Review of Public Administration
909 _a110147
999 _c110142
_d110142